[Event "ch-SWE"]
[Site "Orebro SWE"]
[Date "2000.07.15"]
[Round "13"]
[White "Vernersson,P"]
[Black "Hector,J"]
[Result "0-1"]
[WhiteElo "2374"]
[BlackElo "2509"]

1.d4 d5 2.c4 c6 3.Nf3 Nf6 4.Qc2 e6 5.Bg5 h6 6.Bxf6 Qxf6 7.e3 Bd6 8.Nc3 O-O
9.Bd3 Nd7 10.O-O Qe7 11.e4 dxc4 12.Bxc4 e5 13.d5 Nb6 14.Bb3 Bg4 15.Nd2 Rad8
16.h3 Bc8 17.Rac1 Kh8 18.dxc6 bxc6 19.Na4 f5 20.Nxb6 axb6 21.exf5 Bxf5 22.Ne4 Qh4
23.f3 Bc5+ 24.Kh1 Be3 25.Rcd1 Bxh3 26.g3 Rxd1 27.gxh4 Rxf1+ 28.Kh2 R8xf3
29.Qc4 Bf4+ 30.Ng3 Bxg3+ 31.Kxh3 Be1+ 32.Kg2 R3f2+  0-1

[Event "Open"]
[Site "Dieren NED"]
[Date "2000.07.19"]
[Round "2"]
[White "Hoeksema,E"]
[Black "Mellegers,J"]
[Result "1/2-1/2"]
[WhiteElo "2409"]
[BlackElo "2252"]

1.d4 d5 2.c4 c6 3.Nf3 Nf6 4.Qc2 dxc4 5.Qxc4 Bf5 6.g3 e6 7.Bg2 Nbd7 8.O-O Be7
9.Bg5 O-O 10.Nc3 Rc8 11.Qb3 Qb6 12.e4 Bg6 13.e5 Qxb3 14.axb3 Nd5 15.Rxa7 Rb8
16.Rc1 N7b6 17.Nxd5 Nxd5 18.Be3 Rfd8 19.Ne1  1/2-1/2

[Event "KB Czech Open"]
[Site "Pardubice CZE"]
[Date "2000.07.24"]
[Round "4"]
[White "Yevseev,D"]
[Black "Mehyo,A"]
[Result "1-0"]
[WhiteElo "2516"]
[BlackElo "2326"]

1.d4 d5 2.c4 c6 3.Nf3 Nf6 4.Qb3 dxc4 5.Qxc4 b5 6.Qc2 Bb7 7.e4 e6 8.Bg5 Nbd7
9.Nbd2 a6 10.Be2 c5 11.d5 exd5 12.e5 h6 13.Bh4 g5 14.Bg3 Ne4 15.Nxe4 dxe4
16.Nd2 h5 17.h4 e3 18.fxe3 Bxg2 19.Rh2 Bd5 20.O-O-O Qa5 21.Bf3 Qxa2 22.Bxd5 Qxd5
23.Ne4 Qa2 24.Rhd2 Qa1+ 25.Qb1 Qxb1+ 26.Kxb1 Nb6 27.Nf6+ Ke7 28.Rd6 Rb8 29.hxg5 h4
30.Bh2 h3 31.Rc6 Rb7 32.e6 Bg7 33.Bd6+ Kxe6 34.Bxc5+ Kf5 35.e4+ Kf4 36.Bxb6 h2
37.Rf1+ Kxg5 38.Be3+ Kh4 39.Nd5 Be5 40.Rcc1 b4 41.Rf5 Rh5 42.Bf2+  1-0

[Event "MTO Open"]
[Site "Biel SUI"]
[Date "2000.07.25"]
[Round "2"]
[White "Raetsky,A"]
[Black "Tukmakov,V"]
[Result "1/2-1/2"]
[WhiteElo "2425"]
[BlackElo "2582"]

1.d4 d5 2.c4 c6 3.Nf3 Nf6 4.Qc2 g6 5.Bf4 dxc4 6.Qxc4 Bg7 7.g3 Qb6 8.Qc1 Nd5
9.Be5 Bxe5 10.dxe5 Bg4 11.Nbd2 Nd7 12.Bg2 Qc7 13.O-O Bxf3 14.Nxf3 Nxe5 15.Nxe5 Qxe5
16.Qc5 Qe6 17.Rfd1 O-O 18.e4 Nb6 19.a4 Rad8 20.a5 Nc8 21.e5 Qb3 22.Rd4 Qxb2
23.Rad1 b6 24.Qc4 Rxd4 25.Qxd4 Qxd4 26.Rxd4 bxa5 27.Ra4 Rd8 28.Bxc6 Rd1+
29.Kg2 Rc1 30.Bb7 Rc5 31.Bxc8 Rxc8 32.Rxa5 Rc7 33.h4 h5 34.Kf3 Kf8 35.Kf4 Kg7
36.f3 Rb7 37.Ra6 f6 38.exf6+ exf6 39.Ke4 Rf7 40.Kf4 Kh6 41.Ke4 Re7+ 42.Kf4 Kg7
43.g4 hxg4 44.fxg4 Rb7 45.Kf3  1/2-1/2

[Event "MTO Open"]
[Site "Biel SUI"]
[Date "2000.07.26"]
[Round "3"]
[White "Rashkovsky,N"]
[Black "Cherniaev,A"]
[Result "1/2-1/2"]
[WhiteElo "2508"]
[BlackElo "2454"]

1.d4 d5 2.Nf3 c6 3.c4 Nf6 4.Qb3 e6 5.g3 dxc4 6.Qxc4 b5 7.Qb3 Bb7 8.Bg2 Nbd7
9.O-O a6 10.a4 Be7 11.Bg5 O-O 12.Nbd2 Qb6 13.e4 c5 14.d5 h6  1/2-1/2

[Event "KB Czech Open"]
[Site "Pardubice CZE"]
[Date "2000.07.28"]
[Round "8"]
[White "Orsag,Mil"]
[Black "Zurek,M"]
[Result "1/2-1/2"]
[WhiteElo "2387"]
[BlackElo "2435"]

1.d4 d5 2.Nf3 c6 3.c4 dxc4 4.a4 e6 5.e3 b5 6.b3 Bb4+ 7.Bd2 Bxd2+ 8.Nfxd2 e5
9.axb5 exd4 10.Nxc4 Nf6 11.Qxd4 Qxd4 12.exd4 Nd5 13.b6 O-O 14.bxa7 Na6 15.Nd6 Nac7
16.Bc4 Rd8 17.Nxc8 Rdxc8 18.O-O Ne6 19.Ra5 Rc7 20.Nd2 Rcxa7 21.Rxa7 Rxa7
22.Nf3 f6 23.h4 Kf7 24.Rc1 Ke7 25.g3 h5 26.Kf1 Kd6 27.Rc2 Ra1+ 28.Ke2 g5
29.Rd2 g4 30.Ne1 f5 31.Nc2 Rc1 32.Bxd5 Kxd5 33.Ke3 Rb1 34.Rd3 Rb2 35.Nb4+ Kd6
36.Rc3 c5 37.dxc5+ Nxc5 38.Nd3 Nxd3 39.Rxd3+ Ke5 40.f4+ gxf3 41.Kxf3 Rb1
42.Re3+ Kf6 43.Ke2 Rb2+ 44.Kf3 Rc2 45.Kf4 Rf2+ 46.Rf3 Re2 47.Rc3 Re4+ 48.Kf3 Re1
49.Kf2 Re4 50.Re3 Rb4 51.Ke2 Rb8 52.Kd2 Rd8+ 53.Kc2 Rc8+ 54.Rc3 Rb8 55.Rc6+ Ke5
56.Rg6 Ke4 57.Rg5 Re8 58.b4 Kf3 59.Kc3 Rf8 60.b5 Kg2 61.Kd4 Kh3 62.Ke3 f4+
63.gxf4 Kxh4 64.Kf3 Ra8 65.Re5 Ra3+ 66.Re3 Ra1 67.Rb3 Rf1+ 68.Ke3 Rxf4 69.b6 Rf8
70.b7 Rb8 71.Kf4 Rf8+ 72.Ke5 Rb8 73.Kd6 Kg4 74.Kc7 Rxb7+ 75.Rxb7 h4 76.Kd6 h3
77.Rh7 Kg3 78.Ke5 h2 79.Ke4 Kg2 80.Rxh2+ Kxh2  1/2-1/2

[Event "World Open"]
[Site "Philadelphia USA"]
[Date "2000.07.28"]
[Round "1"]
[White "Schwartz,Y"]
[Black "Szpisjak,S"]
[Result "1-0"]
[WhiteElo "2311"]
[BlackElo "2246"]

1.d4 d5 2.Nf3 c6 3.c4 Nf6 4.Qc2 g6 5.Bf4 Bg7 6.e3 O-O 7.h3 Nbd7 8.Nc3 e6
9.Be2 dxc4 10.Bxc4 Nb6 11.Bb3 a5 12.a3 Nbd5 13.Bh2 b5 14.O-O Ba6 15.Rfd1 Qe7
16.Rac1 Rfc8 17.Ne5 Nd7 18.Nxc6 Qg5 19.Bxd5 exd5 20.Nxd5 Bf8 21.Nc7 Bb7 22.d5 Rxc7
23.Bxc7 Rc8 24.Bf4  1-0

[Event "MTO Open"]
[Site "Biel SUI"]
[Date "2000.08.01"]
[Round "8"]
[White "Leutwyler,M"]
[Black "Arbinger,R"]
[Result "1/2-1/2"]
[WhiteElo "2154"]
[BlackElo "2050"]

1.d4 d5 2.Nf3 Nf6 3.c4 c6 4.Qb3 dxc4 5.Qxc4 Bf5 6.Nc3 e6 7.g3 Nbd7 8.Bg2 Bc2
9.e3 Be7 10.O-O O-O 11.Qe2 Bg6 12.e4 Bb4 13.Ne1 Qa5 14.Bd2 Bh5 15.f3 e5 16.Nc2 exd4
17.Nxd4 Bc5 18.Be3 Rfe8 19.Qf2 Bb6 20.a3 Ne5 21.Nb3 Qa6 22.Bxb6 axb6 23.h3 Nd3
24.Qc2 Qc4 25.Rad1 Rad8 26.Rd2 Nc5 27.Rfd1 Rxd2 28.Nxd2 Qd4+ 29.Kh2 g5 30.Nf1 Qe5
31.Ne3 Bg6 32.Qd2 Kg7  1/2-1/2

[Event "Eikrem mem"]
[Site "Gausdal NOR"]
[Date "2000.08.01"]
[Round "4"]
[White "Volzhin,A"]
[Black "Lampen,T"]
[Result "1-0"]
[WhiteElo "2556"]
[BlackElo "2308"]

1.d4 d5 2.c4 c6 3.Nf3 dxc4 4.e3 b5 5.a4 e6 6.axb5 cxb5 7.b3 Bb4+ 8.Bd2 Bxd2+
9.Nbxd2 a5 10.bxc4 b4 11.Bd3 Nf6 12.O-O O-O 13.Bc2 Nbd7 14.Ba4 Qc7 15.Re1 Bb7
16.Bb5 Bc6 17.Bxc6 Qxc6 18.e4 Rfd8 19.e5 Ne8 20.Qb3 Rdb8 21.d5 Qa6 22.Nd4 Nc5
23.Qe3 exd5 24.cxd5 Qd3 25.Nc6 Qxe3 26.Rxe3 Rb5 27.Nb3 Nxb3 28.Rxb3 Nc7 29.d6 Ne6
30.Rxb4 Rxb4 31.Nxb4 a4 32.g3 g5 33.Ra3 Kg7 34.Kg2 f6 35.Nd3 fxe5 36.Nxe5 Kf6
37.Nc4 Nc5 38.Rf3+ Kg6 39.Ne5+ Kg7 40.d7 Ne6 41.Rf7+ Kg8 42.Re7 Rd8 43.Nc6 a3
44.Nxd8 a2 45.Re8+  1-0

[Event "Scandic Hotels GM"]
[Site "Stockholm SWE"]
[Date "2000.08.01"]
[Round "4"]
[White "Grabarczyk,M"]
[Black "Bator,R"]
[Result "1-0"]
[WhiteElo "2495"]
[BlackElo "2430"]

1.d4 d5 2.c4 c6 3.Nf3 Nf6 4.Qc2 g6 5.cxd5 cxd5 6.Nc3 Bg7 7.Bf4 O-O 8.e3 Nh5
9.Be5 Nc6 10.Bxg7 Nxg7 11.Qb3 e6 12.Bb5 Ne7 13.O-O Nef5 14.Rac1 Nd6 15.Bd3 Bd7
16.Ne5 Be8 17.Rc2 f6 18.Nf3 Kh8 19.Rfc1 Bc6 20.a4 a6 21.Qb4 Qd7 22.a5 Rae8
23.Na2 Rc8 24.Qb6 Ra8 25.Nb4 Nc8 26.Qc5 Ne7 27.Qc3 Rab8 28.Qa3 Ngf5 29.Bxf5 Nxf5  1-0

[Event "Valoz Cup"]
[Site "Olomouc CZE"]
[Date "2000.08.03"]
[Round "2"]
[White "Jirka,J"]
[Black "Kjartansson,G"]
[Result "1/2-1/2"]
[WhiteElo "2302"]
[BlackElo "2248"]

1.d4 Nf6 2.c4 c6 3.g3 d5 4.Nf3 Bg4 5.Ne5 Bh5 6.Nc3 e6 7.Qb3 Qb6 8.c5 Qxb3
9.axb3 Nbd7 10.Nxd7 Nxd7 11.b4 e5 12.dxe5 Nxe5 13.f4 Nd7 14.Bh3 Nf6 15.Be3 Bg4
16.Bxg4 Nxg4 17.Bd4 a6 18.b5 cxb5 19.Nxb5 Rd8 20.Nc7+ Kd7 21.Nxd5 Ke6 22.Nc7+ Kd7
23.Nd5 Ke6 24.e4 f5 25.Rd1 fxe4 26.Nc3 e3 27.Ne4 Nf2 28.Nxf2 exf2+ 29.Bxf2 Rxd1+
30.Kxd1 Be7 31.Re1+ Kf7 32.Kc2 Rc8 33.Re5 b6 34.b4 a5 35.Kb3 bxc5 36.bxc5 Rc6
37.Rd5 Rc7 38.Re5 Rd7 39.c6 a4+ 40.Kb2 Rc7 41.Rb5 Rxc6 42.Rb7 a3+ 43.Kb3 Rc1
44.Ra7 Rb1+ 45.Kc4 Rb2 46.Bd4 Rxh2 47.Bxg7 Kxg7 48.Rxe7+ Kg6 49.Ra7 a2 50.Kd4 Rg2
51.Ke4 Rxg3 52.Rxa2 Rb3 53.Ra6+  1/2-1/2

[Event "HZ Open"]
[Site "Vlissingen NED"]
[Date "2000.08.03"]
[Round "7"]
[White "Ernst,S"]
[Black "Groffen,H"]
[Result "1-0"]
[WhiteElo "2373"]
[BlackElo "2224"]

1.d4 d5 2.c4 c6 3.Nf3 dxc4 4.g3 b5 5.Bg2 e6 6.O-O Nd7 7.e4 Bb7 8.Nc3 Ngf6
9.g4 Nxg4 10.Ng5 h5 11.h3 Be7 12.Nxe6 fxe6 13.hxg4 Qc7 14.gxh5 O-O-O 15.Qg4 Nf6
16.Qxe6+ Kb8 17.e5 Rxh5 18.Bf4 Bb4 19.Bg3 Re8 20.exf6 Rxe6 21.Rae1 Rxe1 22.Bxc7+ Kxc7
23.Rxe1 gxf6 24.Re6 Rh4 25.Ne2 f5 26.Rf6 f4 27.Nxf4 a5 28.Be4 c3 29.bxc3 Bxc3
30.Ne6+ Kb6 31.f4 Bc8 32.Kg2 Bxe6 33.Rxe6 Bxd4 34.Rxc6+ Ka7 35.Kg3 Rh8 36.f5 Rg8+
37.Kf4 b4 38.f6 Bxf6 39.Rxf6 a4 40.Rc6 Rb8 41.Ke3 Rb5 42.Bd3 Ra5 43.Kd4 b3
44.a3 b2 45.Rc4  1-0

[Event "HZ Open"]
[Site "Vlissingen NED"]
[Date "2000.08.04"]
[Round "8"]
[White "Janssen,R"]
[Black "Willemze,J"]
[Result "1-0"]
[WhiteElo "2414"]
[BlackElo "2298"]

1.d4 d5 2.c4 c6 3.Nf3 dxc4 4.e3 Be6 5.Nc3 b5 6.a4 b4 7.Ne4 Nf6 8.Ng3 Bd5
9.Qc2 Bxf3 10.gxf3 c5 11.dxc5 e6 12.Bxc4 Qc7 13.Ne4 Nfd7 14.Bd2 Bxc5 15.Rc1 O-O
16.Bd3 b3 17.Qc3 Qd8 18.Rg1 g6 19.Qxb3 Bb6 20.f4 Ba5 21.Qb7 Bxd2+ 22.Kxd2 Nb6
23.a5 Nd5 24.Qxa8 Qxa5+ 25.Ke2 Qb6 26.Rc2 Nb4 27.Rd2 N8c6 28.Nf6+ Kg7 29.Qxf8+ Kxf6
30.Qh8+ Ke7 31.Qc3 Nd5 32.Qa3+ Ke8 33.Rg5 f5 34.h4 Qb7 35.h5 Nxf4+ 36.exf4 Nd4+
37.Ke3 e5 38.fxe5  1-0

[Event "4th Open"]
[Site "Genova ITA"]
[Date "2000.08.09"]
[Round "3"]
[White "Nikolaidis,I"]
[Black "Bemporad,F"]
[Result "1-0"]
[WhiteElo "2512"]
[BlackElo "2140"]

1.d4 d5 2.c4 c6 3.Nf3 Nf6 4.Qc2 e6 5.g3 Nbd7 6.Bg2 Be7 7.O-O O-O 8.Nbd2 b6
9.e4 Bb7 10.e5 Ne8 11.cxd5 exd5 12.h4 c5 13.Re1 Nc7 14.Nf1 Ne6 15.Ne3 cxd4
16.Nf5 Rc8 17.Qd1 d3 18.Qxd3 Ndc5 19.Qd1 Ne4 20.Be3 Bc5 21.N3d4 Nxd4 22.Bxd4 Bxd4
23.Qxd4 Rc4 24.Qd1 Rc7 25.Rc1 g6 26.Bxe4 Rxc1 27.Qxc1 dxe4 28.Rd1 Qe8 29.Qg5 Qe6
30.Nh6+ Kg7 31.Ng4 f5 32.Nf6  1-0

[Event "ch-ESP"]
[Site "Barcelona ESP"]
[Date "2000.08.19"]
[Round "2"]
[White "Mancebo Ibanez,F"]
[Black "Magem Badals,J"]
[Result "0-1"]
[WhiteElo "2232"]
[BlackElo "2482"]

1.d4 d5 2.Nf3 Nf6 3.c4 c6 4.Qb3 dxc4 5.Qxc4 Bf5 6.g3 e6 7.Bg2 Nbd7 8.Nc3 Be7
9.O-O O-O 10.e3 Ne4 11.Qe2 Nxc3 12.bxc3 Be4 13.c4 c5 14.Bb2 Qc7 15.Rfd1 Rfd8
16.Rac1 Rac8 17.Bh3 Qb6 18.Ba1 Qa6 19.Bf1 b6 20.Nd2 Ba8 21.Nb3 Nf6 22.Bg2 Bxg2
23.Kxg2 cxd4 24.exd4 Rd7 25.Rc2 h6 26.Rdc1 Rdc7 27.h3 Ba3 28.Bb2 Bxb2 29.Rxb2 Rxc4
30.Nc5 R8xc5  0-1

[Event "ch-ESP"]
[Site "Barcelona ESP"]
[Date "2000.08.21"]
[Round "4"]
[White "Castillo Gallego,S"]
[Black "Olea Perez,M"]
[Result "0-1"]
[WhiteElo "2285"]
[BlackElo "2201"]

1.d4 d5 2.c4 c6 3.Nf3 Nf6 4.Qc2 g6 5.Bf4 Bg7 6.e3 Nbd7 7.Nc3 dxc4 8.Bxc4 O-O
9.O-O Nh5 10.Bg5 Nb6 11.Bb3 Nd5 12.Nxd5 cxd5 13.Rac1 h6 14.Bh4 g5 15.Bg3 Nxg3
16.hxg3 e6 17.Qc7 b6 18.Qxd8 Rxd8 19.Rc7 Bf8 20.Rfc1 Bd6 21.R7c2 Ba6 22.a3 Kf8
23.Nd2 Ke7 24.g4 Rh8 25.g3 h5 26.gxh5 Rxh5 27.Kg2 Rah8 28.Nf1 g4 29.f3 Rh1
30.fxg4 Bxf1+  0-1

[Event "Open"]
[Site "Polanica Zdroj POL"]
[Date "2000.08.21"]
[Round "5"]
[White "Grabarczyk,M"]
[Black "Buturin,V"]
[Result "1-0"]
[WhiteElo "2495"]
[BlackElo "2379"]

1.d4 d5 2.c4 c6 3.Nf3 Nf6 4.Qc2 g6 5.cxd5 cxd5 6.Nc3 Bg7 7.Bf4 O-O 8.e3 Nc6
9.Bb5 Na5 10.O-O a6 11.Bd3 Bd7 12.Rfc1 Rc8 13.Qe2 b5 14.Ne5 e6 15.Bg5 h6
16.Bh4 Bc6 17.Rc2 Qb6 18.Rac1 Nc4 19.f4 Nd7 20.Nd1 Ncxe5 21.fxe5 Bb7 22.Nf2 Rxc2
23.Rxc2 Rc8 24.h3 Rxc2 25.Qxc2 Qc6 26.Qd2 Qc7 27.Ng4 g5 28.Be1 f5 29.exf6 Nxf6
30.Ne5 Ne4 31.Bxe4 Bxe5 32.dxe5 dxe4 33.Qd4 Bd5 34.Bc3 a5 35.a3 a4 36.Qd1 Qf7
37.Bb4 h5 38.Qc2 Kg7 39.Qc8 g4 40.hxg4 hxg4 41.Qd8 Bc4 42.Qh4 Qf1+ 43.Kh2 Qf5
44.Qe7+ Kh6 45.Be1 Qg5 46.Qf8+ Kh7 47.Qf7+ Kh6 48.Qd7 Qxe5+ 49.Bg3 Qf6 50.Bf4+ Kg6
51.Kg3 Qf5 52.Qc7 Qf7 53.Qe5 Qf5 54.Qb8 Qf7 55.Be5 Kf5 56.Bd4  1-0

[Event "Open"]
[Site "Polanica Zdroj POL"]
[Date "2000.08.21"]
[Round "5"]
[White "Rashkovsky,N"]
[Black "Richter,Mi"]
[Result "1-0"]
[WhiteElo "2508"]
[BlackElo "2358"]

1.d4 Nf6 2.Nf3 d5 3.c4 c6 4.Qb3 dxc4 5.Qxc4 Bf5 6.g3 e6 7.Bg2 Nbd7 8.O-O Be7
9.Nc3 O-O 10.e3 b5 11.Qe2 b4 12.Nb1 c5 13.Nbd2 Rc8 14.e4 Bg4 15.h3 Bh5 16.g4 Bg6
17.Ne1 cxd4 18.f4 h6 19.e5 Ne8 20.f5 Bh7 21.Nd3 Bg5 22.Nb3 Bxc1 23.Raxc1 Rxc1
24.Nbxc1 Qg5 25.Rf4 Nc7 26.Qf2 exf5 27.gxf5 Nxe5 28.Nxe5 Nd5 29.Re4 Bxf5
30.h4 Qxc1+ 31.Re1 Qc5 32.Qxf5 Ne3 33.Qf4 Nxg2 34.Kxg2 Qd5+ 35.Nf3 Rd8 36.b3 a5
37.Re4 d3 38.Rd4 Qa8 39.Kf2 Qc8 40.Rxd8+ Qxd8 41.Qd4 Qc7 42.Qxd3 g6 43.Qc4 Qxc4
44.bxc4 Kf8 45.Ke3 a4 46.Kd4 Ke7 47.c5 f6 48.Kc4 b3 49.axb3 axb3 50.Kxb3 g5
51.Kc4 Kd7 52.Kd5 g4 53.Ne1 h5 54.Ng2  1-0

[Event "ECh-u20 Girls"]
[Site "Aviles ESP"]
[Date "2000.08.25"]
[Round "9"]
[White "Cmilyte,V"]
[Black "Houska,J"]
[Result "1/2-1/2"]
[WhiteElo "2335"]
[BlackElo "2279"]

1.d4 d5 2.c4 c6 3.Nf3 Nf6 4.Qb3 dxc4 5.Qxc4 Bf5 6.g3 e6 7.Bg2 h6 8.Nc3 Be7
9.O-O O-O 10.Ne5 Nbd7 11.e4 Bh7 12.Nxd7 Qxd7 13.Rd1 Rad8 14.Bf4 g5 15.Be3 b5
16.Qe2 b4 17.Na4 Bxe4 18.Nc5 Bxc5 19.dxc5 Qe7 20.Bxe4 Nxe4 21.h4 Rxd1+ 22.Rxd1 Rd8
23.hxg5 Rxd1+ 24.Qxd1 Nxg5 25.f4 Ne4 26.Qg4+ Kh7 27.f5 exf5 28.Qxf5+ Kg7
29.Qf4 Ng5 30.Qd4+ Kg6 31.Bxg5 hxg5 32.Qxb4 Qe3+ 33.Kg2 Qe2+ 34.Kg1 Kf5 35.Qd4 Qe1+
36.Kh2 Qe2+ 37.Kg1 Qe1+ 38.Kh2  1/2-1/2

[Event "Borowski"]
[Site "Essen GER"]
[Date "2000.09.02"]
[Round "11"]
[White "Fridman,D"]
[Black "Dautov,R"]
[Result "1-0"]
[WhiteElo "2550"]
[BlackElo "2606"]

1.Nf3 d5 2.d4 c6 3.c4 dxc4 4.e3 Be6 5.a4 Nf6 6.Na3 g6 7.Nxc4 Bg7 8.Be2 O-O
9.O-O Nbd7 10.b4 Ne4 11.Qc2 Nd6 12.Bb2 Nxc4 13.Bxc4 Bxc4 14.Qxc4 Rc8 15.a5 a6
16.Qc2 e6 17.e4 Qf6 18.Rab1 Qf4 19.e5 Qf5 20.Qe2 g5 21.Nd2 Qg6 22.Nc4 f5
23.exf6 Rxf6 24.Nd6 Rb8 25.Rbe1 Bf8 26.Ne4 Rf5 27.Bc3 Re8 28.Qe3 Rd5 29.f4 g4
30.Ng5 Bh6 31.Nxe6 Rd6 32.d5 cxd5 33.Qd4 Rdxe6 34.f5 Rxe1  1-0

[Event "6th WUCC"]
[Site "Golden Sands BUL"]
[Date "2000.09.02"]
[Round "2"]
[White "Iljushin,A"]
[Black "Gal,Jo"]
[Result "1/2-1/2"]
[WhiteElo "2509"]
[BlackElo "2335"]

1.d4 d5 2.c4 c6 3.Nf3 Nf6 4.Qc2 Na6 5.Bf4 Nb4 6.Qb3 e5 7.dxe5 Bf5 8.Na3 Qa5
9.Bd2 Ne4 10.cxd5 cxd5 11.e3 Bd7 12.Be2 Nxd2  1/2-1/2

[Event "Open"]
[Site "Cesenatico ITA"]
[Date "2000.09.05"]
[Round "4"]
[White "Andreazza,A"]
[Black "Di Lao,R"]
[Result "0-1"]
[WhiteElo "2055"]
[BlackElo "2138"]

1.d4 d5 2.c4 c6 3.Nf3 Nf6 4.Qc2 e6 5.Bg5 h6 6.Bh4 Bb4+ 7.Nc3 dxc4 8.Bxf6 Qxf6
9.e4 b5 10.Be2 O-O 11.O-O Bb7 12.a4 a6 13.b3 c5 14.Na2 cxb3 15.Qxb3 Bxe4
16.Nxb4 cxb4 17.Qxb4 Nc6 18.Qc5 b4 19.Ne5 Nxe5 20.dxe5 Qg5 21.g3 Qd2 22.Qc4 Bd5
23.Qg4 b3 24.Rfd1 b2 25.Rab1 Qc3 26.Qd4 Qxd4 27.Rxd4 Rab8 28.Rd2 Rfc8 29.Bd3 Bf3
30.Rdxb2 Rxb2 31.Rxb2 Rc1+ 32.Bf1 h5 33.h3 Kh7 34.h4 Kg6 35.Rd2 Kf5 36.Rb2 Kxe5
37.Rb3 Bg4 38.f4+ Kf5 39.Kf2 Rc2+ 40.Ke3 Ra2 41.Rb4 Ra3+ 42.Kf2 Bd1 43.Bxa6 Bxa4
44.Be2 g6 45.Rb7 Kf6 46.Bf3 Rxf3+  0-1

[Event "chT-POL"]
[Site "Zakopane chT"]
[Date "2000.09.05"]
[Round "4"]
[White "Praszak,M"]
[Black "Kuczynski,R"]
[Result "0-1"]
[WhiteElo "2219"]
[BlackElo "2479"]

1.d4 d5 2.c4 c6 3.Nf3 Nf6 4.Qc2 dxc4 5.Qxc4 Bf5 6.Nc3 e6 7.g3 Nbd7 8.Bg2 Be7
9.O-O O-O 10.Qb3 Qb6 11.Nd2 Rfd8 12.e4 Bg6 13.Qc4 e5 14.d5 cxd5 15.exd5 Nc5
16.Na4 Nxa4 17.Qxa4 Bd3 18.Re1 Bc5 19.Rxe5 Bxf2+ 20.Kh1 Bd4 21.Re7 Ng4 22.h3 Nf2+
23.Kh2 Bc5 24.Rd7 Rxd7 25.Qxd7 Nd1 26.Nf3 Rd8 27.Qg4 Be3 28.Qa4 Nxb2 29.Bxb2 Qxb2
30.Re1 Bb5 31.Qh4 Re8 32.a4 Bd7 33.Qc4 Qb6 34.Qd3 h6 35.a5 Qc5 36.Rb1 b5
37.axb6 axb6 38.Re1 b5 39.Nh4 Qd4  0-1

[Event "ch-ARM"]
[Site "Yerevan ARM"]
[Date "2000.09.06"]
[Round "7"]
[White "Sargissian,G"]
[Black "Anastasian,A"]
[Result "1/2-1/2"]
[WhiteElo "2474"]
[BlackElo "2571"]

1.Nf3 d5 2.d4 Nf6 3.c4 c6 4.Qc2 g6 5.Bf4 Bg7 6.e3 Bf5 7.Qb3 Bxb1 8.Qxb7 Bf5
9.Qxa8 Qa5+ 10.Nd2 O-O 11.Qb7 Ne4 12.Rd1 e5 13.Bxe5 Bxe5 14.dxe5 Na6 15.Qb3 Nb4
16.a3 Na6 17.cxd5 Rb8 18.Qc4 Nxd2 19.b4 Nxc4 20.bxa5 cxd5 21.Rxd5 Be6 22.Rd4 Rb1+
23.Rd1 Rb3 24.Be2 Rxa3 25.O-O Nb4 26.Rd4 Rc3 27.Bxc4 Bxc4 28.Rd8+ Kg7 29.Rc8 a6
30.f4 Nd5 31.Re1 h5 32.g3 Rxe3 33.Rxe3 Nxe3 34.h3 Bb5 35.Kf2 Nc4 36.g4 hxg4
37.hxg4 g5 38.Rc7 Kf8 39.Kf3 gxf4 40.Kxf4 Nxa5 41.Kf5 Be8 42.Kf6 Nc6 43.e6 fxe6
44.g5 Nb4 45.Rh7 Nd5+ 46.Kxe6  1/2-1/2

[Event "Golombek Mem"]
[Site "Paignton ENG"]
[Date "2000.09.07"]
[Round "5"]
[White "Hillarp Persson,T"]
[Black "Fontaine,R"]
[Result "1/2-1/2"]
[WhiteElo "2549"]
[BlackElo "2449"]

1.d4 d5 2.c4 c6 3.Nf3 Nf6 4.Qb3 dxc4 5.Qxc4 Bf5 6.g3 e6 7.Bg2 Nbd7 8.O-O Be7
9.Nc3 O-O 10.Bg5 h6 11.Bxf6 Bxf6 12.e4 Bg4 13.Rad1 Nb6 14.Qd3 Qd7 15.e5 Be7
16.h3 Bf5  1/2-1/2

[Event "chT-POL"]
[Site "Zakopane chT"]
[Date "2000.09.08"]
[Round "6"]
[White "Kveinys,A"]
[Black "Grabarczyk,M"]
[Result "1/2-1/2"]
[WhiteElo "2522"]
[BlackElo "2495"]

1.d4 d5 2.Nf3 Nf6 3.c4 c6 4.Qc2 g6 5.Bf4 Bg7 6.e3 O-O 7.Nc3 c5 8.dxc5 Qa5
9.O-O-O Bf5 10.Bd3 dxc4 11.Bxf5 gxf5 12.Qxf5 Na6 13.Ng5 e6 14.Qh3 Nxc5 15.Be5 h6
16.Nf3 Nd3+ 17.Rxd3 cxd3 18.Rd1 Rfd8 19.Qg3 Ne8 20.Bd4 Qf5 21.h4 Rac8 22.Ne5 b5
23.Ng4 Kf8 24.Bxg7+ Nxg7 25.Nxh6 Qg6 26.Qxg6 fxg6 27.Kb1 b4 28.Ne4 Nf5 29.Ng4 Nxh4
30.Ne5 Rd5 31.Nxd3 Nxg2 32.Nf6 Rdd8 33.Ne4 Ne1 34.Rxe1 Rxd3 35.b3 Kg7 36.Kb2 a5
37.Rg1 Rc6 38.Rh1 Rc8 39.Ra1 Rd5 40.a3 Re5 41.Nd2 Rf8 42.Rf1 g5 43.axb4 axb4
44.Kc2 Kg6 45.Kd3 Rd5+ 46.Ke2 Ra5 47.Ne4 Re5 48.Nd2  1/2-1/2

[Event "chT-POL"]
[Site "Zakopane chT"]
[Date "2000.09.09"]
[Round "7"]
[White "Sarwinski,M"]
[Black "Stein,Marcin"]
[Result "1-0"]
[WhiteElo "2372"]
[BlackElo "2125"]

1.d4 d5 2.c4 c6 3.Nf3 Nf6 4.Qc2 e6 5.g3 Nbd7 6.Bg2 Bd6 7.O-O O-O 8.Nbd2 Qe7
9.Re1 h6 10.e4 dxe4 11.Nxe4 Nxe4 12.Qxe4 Nf6 13.Qh4 Qd8 14.Bd2 Be7 15.Rad1 Qb6
16.b3 Nd5 17.Qe4 Nf6 18.Qc2 Bd7 19.b4 Rfd8 20.Rb1 Be8 21.Bf4 Rdc8 22.Qd2 Kh7
23.Ne5 Bf8 24.a4 Nd7 25.c5 Qd8 26.Nc4 Nf6 27.Bd6 Bxd6 28.Nxd6 Rc7 29.b5 Nd5
30.a5 b6 31.axb6 axb6 32.Nxe8 Qxe8 33.bxc6 Qxc6 34.Rxb6 Qa4 35.Rd6 Qc4 36.Rc1 Qb3
37.Bxd5 exd5 38.Qc2+  1-0

[Event "chT-POL"]
[Site "Zakopane chT"]
[Date "2000.09.11"]
[Round "9"]
[White "Urban,K"]
[Black "Sygulski,B"]
[Result "1-0"]
[WhiteElo "2472"]
[BlackElo "2355"]

1.d4 Nf6 2.c4 c6 3.Nf3 d5 4.Qc2 g6 5.Bf4 Bg7 6.e3 O-O 7.Nc3 Bf5 8.Qb3 Qb6
9.h3 dxc4 10.Bxc4 Qxb3 11.Bxb3 Bd3 12.Ne5 Ba6 13.Bc4 e6 14.Bxa6 Nxa6 15.Ke2 c5
16.Rhd1 Rfd8 17.dxc5 Nxc5 18.f3 Nfd7 19.Nxd7 Rxd7 20.Rac1 a5 21.e4 Rxd1 22.Nxd1 Na6
23.a3 h5 24.Bd2 a4 25.Rc4 b5 26.Rc6 Bd4 27.Bc3 Bc5 28.Nf2 Kf8 29.Rxc5 Nxc5
30.Bb4  1-0

[Event "It"]
[Site "Herzeliya ISR"]
[Date "2000.09.13"]
[Round "8"]
[White "Gustafsson,J"]
[Black "Haimovich,T"]
[Result "1-0"]
[WhiteElo "2506"]
[BlackElo "2322"]

1.d4 d5 2.c4 c6 3.Nf3 Nf6 4.Qb3 e6 5.Bg5 Nbd7 6.Nc3 Qa5 7.Bd2 Qb6 8.Qc2 dxc4
9.e4 e5 10.Be3 Ng4 11.Bxc4 Nxe3 12.fxe3 Be7 13.O-O O-O 14.Kh1 Kh8 15.Bb3 Qa5
16.Rac1 Bf6 17.Qf2 Qd8 18.Qg3 Qe7 19.Rfd1 a5 20.Qe1 Nb6 21.Qg3 Nd7 22.a3 b5
23.Re1 Rb8 24.Nd1 Bb7 25.Nf2 c5 26.Bd5 Bxd5 27.exd5 e4 28.d6 Qe6 29.Nd2 cxd4
30.exd4 Bxd4 31.Nfxe4 Be5 32.Qf2 Qh6 33.Nf3 Bf4 34.Rcd1 Ne5 35.g3 Ng4 36.Qe2 Be3
37.Ne5 Nxe5 38.Qxe3 Qg6 39.Qg5 f6 40.Qxg6 hxg6 41.Rd5 Rfd8 42.Rc1 Nc4 43.b3 Ne3
44.Rd2 a4 45.Rc3 Nf5 46.b4 Kg8 47.Kg1 Kf8 48.g4 Nh6 49.Rc7 Rb6 50.g5 Nf7
51.gxf6 gxf6 52.d7 Ne5 53.Kg2 Ke7 54.Nc3 Ke6 55.Ne4 Ke7 56.Nc5 Rd6 57.Re2 Rb6
58.Rc2 Rc6 59.Rb7 Rxd7 60.Rxb5 Rd3 61.Rb7+ Rd7 62.Rxd7+ Nxd7 63.Re2+ Ne5
64.Re3 Kd6 65.Rc3 Kd5 66.Nxa4 Rxc3 67.Nxc3+ Kc4 68.Ne4 f5 69.Nd2+ Kc3 70.Nf3 Nc4
71.b5 Kb3 72.Kg3 Kxa3 73.Kf4 Kb4 74.Kg5 Kxb5 75.Kxg6 Ne3 76.Nd4+ Kc5 77.Nxf5 Ng2
78.Kg5 Kd5 79.Ne7+ Ke6 80.Nc6 Kf7 81.Nd4 Kg7 82.Nc2  1-0

[Event "XVI ECC"]
[Site "Neum BIH"]
[Date "2000.09.29"]
[Round "6"]
[White "Atalik,S"]
[Black "Teske,H"]
[Result "1-0"]
[WhiteElo "2549"]
[BlackElo "2463"]

1.d4 d5 2.c4 c6 3.Nf3 dxc4 4.e3 Be6 5.Nc3 b5 6.a4 b4 7.Ne4 Nf6 8.Ned2 c3
9.bxc3 bxc3 10.Nb1 g6 11.Nxc3 Bg7 12.Be2 O-O 13.O-O Nd5 14.Nxd5 Bxd5 15.Qc2 Nd7
16.e4 Be6 17.Rb1 Bg4 18.Rd1 Rb8 19.Rxb8 Nxb8 20.Bf4 Qa5 21.h3 Bxf3 22.Bxf3 Rd8
23.e5 e6 24.h4 Rc8 25.h5 Nd7 26.h6 Bf8 27.d5 Qc5 28.Qxc5 Nxc5 29.dxc6 Nxa4
30.Ra1 Nc5 31.Rxa7 Nd3 32.Bg3 Bxh6 33.c7 Kg7 34.Bc6 Nc5 35.f4 g5 36.Bf2 Na6
37.Rxa6 Rxc7 38.g4 gxf4 39.Bh4 Kg8 40.Kf2 Bf8 41.Kf3 Kg7 42.Bf6+  1-0

[Event "Cup Rectora"]
[Site "Kharkov UKR"]
[Date "2000.10.01"]
[Round "1"]
[White "Eljanov,P"]
[Black "Berezin,O"]
[Result "1/2-1/2"]
[WhiteElo "2487"]
[BlackElo "2453"]

1.d4 d5 2.c4 c6 3.Nf3 Nf6 4.Qb3 e6 5.Bg5 Nbd7 6.Nc3 Qa5 7.Bd2 Qb6 8.Qc2 Be7
9.e3 O-O 10.Bd3 Re8 11.O-O dxc4 12.Bxc4 c5 13.Rfd1 cxd4 14.exd4 Nf8 15.Be3 Ng4
16.Bf4 Bd7 17.h3 Nf6 18.Ne5 Rac8 19.Nxd7 N8xd7 20.Qb3 Qxb3 21.axb3 a6 22.d5 e5
23.Be3 Bd6 24.f3 Nc5 25.Kf1 e4 26.fxe4 Nfxe4 27.Nxe4 Nxe4 28.Bd4 Bb4 29.Bb6 Nd6
30.Rac1 Bc5 31.Bxc5 Rxc5 32.Bd3 Rxc1 33.Rxc1 Re3 34.Rc3 g6 35.Be2 Re7 36.Bf3 Kf8
37.Kf2 Ke8 38.h4 Kd7 39.g4 f6 40.Rd3 Ne4+ 41.Kg2 Nd6 42.Kg3 Re5 43.Kf4 h6
44.Kg3 g5 45.hxg5 hxg5 46.Kf2 Ne4+ 47.Kg2 Kd6 48.b4 f5 49.gxf5 Nf6 50.Kg3 Rxf5
51.Rc3 Re5 52.b5 axb5 53.Rb3 Nxd5 54.Rxb5 Kc6 55.Ra5 b6 56.Ra1 Kc5 57.Rd1 Ne3
58.Rc1+ Kd4 59.Be2 b5 60.b3 Nf5+ 61.Kf2 Ne7 62.Bf1 Ng6 63.Rc6 Nf4  1/2-1/2

[Event "Cup Rectora"]
[Site "Kharkov UKR"]
[Date "2000.10.03"]
[Round "3"]
[White "Berezin,O"]
[Black "Shalimov,V UKR"]
[Result "1/2-1/2"]
[WhiteElo "2453"]
[BlackElo "2406"]

1.Nf3 d5 2.d4 Nf6 3.c4 c6 4.Qb3 e6 5.Bg5 Nbd7 6.Nc3 h6 7.Bh4 Be7 8.e3 O-O
9.Rd1 b6 10.cxd5 cxd5 11.Rc1 Bb7 12.Be2 a6 13.O-O b5 14.Rfd1 Qb8 15.Bg3 Qa7
16.a4 bxa4 17.Nxa4 Rfc8 18.Ne5 Nxe5 19.Bxe5 Nd7 20.Bg3 Bc6 21.Ra1 Qb7 22.Qxb7 Bxb7
23.Rdc1 Rxc1+ 24.Rxc1 Rc8 25.Rxc8+ Bxc8 26.Bc7  1/2-1/2